Obras

Guardado en:
Bibliografiske detaljer
Hovedforfatter: Cruz, San Juan de la
Format: Bog
Sprog:Undetermined
Udgivet: Madrid, España Apostolado de la Prensa 1928
Fag:
Tags: Tilføj Tag
Ingen Tags, Vær først til at tagge denne postø!

MARC

LEADER 00000nam a2200000Ia 4500
008 170316s9999 xx 000 0 und d
040 |a cru BVZT 
090 |a 862 C-55o 
100 |a Cruz, San Juan de la 
245 |a Obras 
260 |a Madrid, España 
260 |b Apostolado de la Prensa 
260 |c 1928 
300 |a 892 páginas 
650 |a LITERATURA ESPAÑOLA 
999 |c 9776  |d 9776 
942 |c 15 D  |h 862 C-55o  |2 z